000 00673cam a2200253 4500
008 000000n2002 000 0 eng u
020 _a1860713475
022 _a01425048
035 _a(Sirsi) u116916
041 _aeng
050 _a380.1025
110 _aDun and Bradstreet Ltd.
_92888
245 _aKey British enterprises 2002 : Britain`s top 50,000 companies
260 _aHigh Wycombe
_bDun & Bradstreet Ltd.
_c2002
300 _f4
_nv.
_c30cm.
350 _a545.00
650 _aBUSINESS RANKINGS
650 _aCOMPANIES
650 _aDIRECTORIES
650 _aKEY BRITISH ENTERPRISES
650 _aTRADE
690 _aECONOMIC ISSUES
942 _n0
999 _c101909
_d101909